Požiarna ochrana výškových budov

Bibliographic Details
Main Author: Hubek, Pavol (Author)
Format: Article
Language:Slovak
Subjects:

MARC

LEADER 00000nab a2200000 a 4500
001 vtls000342955
003 SK-MaSNL
005 20260304001633.0
008 220422c1989 xo 0 slo
015 |a SNBRB19rr/mm-uuuuu 
035 |a CL0343077 
040 |a SNKBUCL  |b slo  |c SNKBUCL  |e AACR2 
041 0 |a slo 
044 |a xo  |c SK 
080 |a 614.841.41:721  |2 1981 
080 |a 721  |2 1981 
100 1 |a Hubek, Pavol  |4 aut  |9 1278263 
245 1 0 |a Požiarna ochrana výškových budov  |c Pavol Hubek 
650 0 7 |a budovy výškové  |2 snkbucl  |9 962363 
650 0 7 |a požiarna ochrana  |2 snkbucl  |9 1501 
655 7 |a články z novín a časopisov  |2 snkbucl  |9 267496 
773 0 |t Požiarnik  |g Roč. 66, č. 1 (1989), s. 8 
850 |a Slovenská národná knižnica v Martine  |a MTA001 
852 |a SNK  |b KIS3GCP 
958 |a RK 
958 |a ME 
992 |a RBX 
999 |c 2537964  |d 2539894